000 01257cam a2200337 a 4500
005 20260322212050.0
008 data
010 _a 87072583
020 _a0910037248
020 _a9780910037242
040 _aAzS
_cAzS
_dDLC
_dDLC
042 _alccopycat
043 _an-us-az
050 0 0 _aF811.5
_b.A74 1987
082 0 0 _a979.1/05
_220
092 _a979.1 A74 1987
245 0 0 _aArizona at seventy-five :
_bthe next twenty-five years /
_cedited by Beth Luey ... [et al.].
260 _aTucson :
_bDistributed by the University of Arizona Press,
_aTucson :
_bDistributed by the University of Arizona Press,
_c1987.
300 _aix, 221 p. ;
_c24 cm.
500 _a"This book began as a conference commemorating the seventy-fifth anniversary of Arizona's statehood"--Pref.
504 _aIncludes bibliographical references and index.
651 0 _aArizona
_xCongresses.
_y1912-1950
_xCongresses.
651 0 _aArizona
_xCongresses.
_y1951-
_xCongresses.
700 1 _aLuey, Beth.
700 1 _aStowe, Noel J.
710 2 _aArizona State University.
_bPublic History Program.
710 2 _aArizona Historical Society.
740 0 _aArizona at 75.
856 4 1 _3Table of contents
_uhttp://www.loc.gov/catdir/toc/fy0602/87072583.html
001 data
999 _c1178
_d1178